Statistics for Closest Cities to Seattle

Click here to take the quiz!

General Stats

  • This quiz has been taken 24 times
  • The average score is 12 of 20

Answer Stats

km City mi % Correct
221Vancouver137
100%
190Vancouver118
100%
234Portland145
95%
652Boise405
86%
369Spokane229
77%
1094San Francisco680
77%
711Calgary442
68%
1007Sacramento626
68%
1091Oakland679
68%
400Eugene249
68%
40Tacoma25
68%
908Edmonton564
64%
302Salem187
59%
922Reno573
50%
171Surrey106
32%
1078Stockton670
23%
191Burnaby119
23%
1021Santa Rosa634
23%
183Richmond113
18%
1027Elk Grove638
18%

Score Distribution

Percentile by Number Answered

Percent of People with Each Score

Your Score History

You have not taken this quiz